Vista normal
Vista MARC
Entrada Materia (personas)
Número de registros utilizados en: 1
001 - CONTROL NUMBER
- control field: 29628
003 - CONTROL NUMBER IDENTIFIER
- control field: Co-BoUCM
005 - DATE AND TIME OF LATEST TRANSACTION
- control field: 20130221095026.0
008 - FIXED-LENGTH DATA ELEMENTS
- fixed length control field: 130221|| aca||aabn | a|a d
040 ## - CATALOGING SOURCE
- Original cataloging agency: Co-BoUCM
- Transcribing agency: Co-BoUCM
100 ## - HEADING--PERSONAL NAME
- Personal name: Bocarejo, Juan Pablo
670 ## - SOURCE DATA FOUND
- Source citation: Work cat.: (Co-BoUCM)164412: Wessels, Gregor 29626, Bogotá 21 hacia una metrópoli de clase mundial orientada al transporte público = Bogotá 21 towards a world-class, transit-oriented metropolis, 2012